| 000 | 00491nam a22001697a 4500 | ||
|---|---|---|---|
| 003 | BD-DhULBD-DhUL | ||
| 005 | 20180702154844.0 | ||
| 008 | 180702snd. pk ||||| |||| 00| 0 urd d | ||
| 040 |
_aBD-DhUL _cBD-DhUL |
||
| 082 |
_a891.432 _bAGK |
||
| 100 | 0 | _aآغاحشر کاشمیری | |
| 245 | 1 |
_aخواب ہشتی / _cآغاحشر کاشمیری |
|
| 260 |
_aلاہور : _bسچدیوبلڈنگ، _c۔ |
||
| 300 |
_aص۔ ۱۱۲ ؛ _c۲۰ سم۔ |
||
| 650 | 0 | _aUrdu drama | |
| 942 |
_2ddc _cBK |
||
| 999 |
_c242227 _d242227 |
||